| 000 | 00552nam a2200253Ia 4500 | ||
|---|---|---|---|
| 003 | IT-RoPAU | ||
| 008 | 120407s9999 xx 000 0 und d | ||
| 040 | _aIT-RoPAU | ||
| 040 | _cIT-RoPAU | ||
| 041 | _aita | ||
| 100 | _aDiega Giunta | ||
| 100 | _ccoll. | ||
| 245 | _aIconografia di S. Caterina da Siena | ||
| 250 | _aRoma | ||
| 260 | _aCittà Nuova | ||
| 260 | _c1988 | ||
| 300 | _bill. | ||
| 300 | _c28,5 cm | ||
| 490 | _v1 | ||
| 600 | _av. 1°: L’immagine 606 p. | ||
| 700 | _aLidia Bianchi | ||
| 942 | _cBK | ||
| 999 |
_c17315 _d17315 |
||